00418nam a2200181Ia 4500003000900000008004100009040001300050040001300063041000800076100002300084245006800107250001300175260001200188260000900200300001100209300001000220490000600230IT-RoPAU120407s9999 xx 000 0 und d aIT-RoPAU cIT-RoPAU aita aFederico Schelling aRicerche filosofiche sulla assenza della libertà umana (1809) aLanciano aCarabba c1910 a134 p. c19 cm v1